Nuevo diccionario francés-español y español-francés : el más completo de los publicados con la pronunciación figurada por los medios más racionales y fáciles / por Vicente Salvá el más completo de los publicados con la pronunciación figurada por los medios más racionales y fáciles / por Vicente Salvá
Descripción Física:
838 p ; 18 cm
Otros Autores:
Belmonte, H. de
MARC
| LEADER | 00000nam a2200000Ia 4500 | ||
|---|---|---|---|
| 001 | 5673 | ||
| 008 | 160829s9999 xx 000 0 cat d | ||
| 080 | |a Sala Tècnica | ||
| 100 | |a Salvá, Vicente |9 28672 | ||
| 245 | |a Nuevo diccionario francés-español y español-francés : |b el más completo de los publicados con la pronunciación figurada por los medios más racionales y fáciles / por Vicente Salvá | ||
| 250 | |a Ed. rev., corr. y aum. / por H. de Belmonte | ||
| 260 | |a París : |b Garnier , [19-- ?] | ||
| 300 | |a 838 p ; |c 18 cm | ||
| 650 | |a Francès |x Diccionaris |x Castellà |9 28673 | ||
| 650 | |a Castellà |x Diccionaris |x Francès |9 28674 | ||
| 700 | |a Belmonte, H. de |9 38902 | ||
| 901 | |a Arxiu | ||
| 942 | |n 1 | ||
| 952 | |0 0 |1 0 |4 0 |6 SALA_TÈCNICA |7 1 |9 48669 |a Arxiu |b Arxiu |d 2016-12-01 |l 0 |o Sala Tècnica |p 5673 |r 2016-12-01 00:00:00 |w 2016-12-01 |y ARXIU | ||
| 999 | |c 52499 |d 52499 | ||